00378 2200157 4500245004500000020002200045250001100067100001700078650002000095005001900115260003200134041001400166084000800180300002300188336000900211 aKarena Aku MemilihmucNenny MakmunhText a978-602-1588-31-4 aCet. 1 aNenny Makmun aNovel Indonesia a20230120091047 aJakartabRumah Oranyec2014 aIndonesia a813 a268 hlm. :c19 cm. atext